Cei mai bine evaluați fotbaliști români din FC26 - Statistics

General Stats
  • This quiz has been taken 6 times
  • The average score is 17 of 29
Answer Stats
# Fotbalist % Correct
79 Andrei Borza
100%
79 Andrei Rațiu
100%
76 Dennis Man
100%
75 Nicolae Stanciu
100%
75 , 81 Radu Drăgușin
100%
72 Claudiu Petrila
83%
73 Darius Olaru
83%
76 Ionuț Radu
83%
72, 80 Louis Munteanu
83%
74 Răzvan Marin
83%
73 Alexandru Dobre
67%
75 Alexandru Mitriță
67%
80 Cătălin Cîrjan
67%
72 Daniel Bîrligea
67%
81 Răzvan Sava
67%
77 Ștefan Baiaram
67%
76 Alexandru Maxim
50%
72 Florin Tănase
50%
74 Ianis Hagi
50%
78 Matei Ilie
50%
78 Rareș Ilie
50%
73 Daniel Boloca
17%
72 Dan Nistor
17%
78 Enes Sali
17%
78 Ianis Stoica
17%
78 Luca Băsceanu
17%
78 Mihnea Rădulescu
17%
77 Narcis Ilaș
17%
79 Ümit Akdağ
17%
No matching quizzes found
Score Distribution
Percent of People with Each Score
Percentile by Number Answered
Your Score History
You have not taken this quiz